[Event "Titled Tue 20th May Early"]
[Site "chess.com INT"]
[Date "2025.05.20"]
[Round "7"]
[White "Manafov, Vugar"]
[Black "Antoniou, Rafail"]
[Result "1-0"]
[WhiteTitle "IM"]
[BlackTitle "CM"]
[WhiteElo "2432"]
[BlackElo "2134"]
[WhiteFideId "13410814"]
[BlackFideId "5904390"]
[EventDate "2025.05.20"]

1. d4 d5 2. Nf3 e6 3. c4 Nf6 4. Nc3 c5 5. cxd5 cxd4 6. Qxd4 exd5 7. Bg5 Be7 8.
e3 Nc6 9. Qd3 Qb6 10. Be2 O-O 11. O-O Be6 12. Na4 Qb4 13. Qd1 Rfd8 14. a3 Qd6
15. Nc3 a6 16. Rc1 d4 17. exd4 Nxd4 18. Nxd4 Qxd4 19. Qxd4 Rxd4 20. Bf3 Rd7 21.
Rfd1 Rad8 22. Rxd7 Rxd7 23. Na4 h6 24. Be3 Nd5 25. Nc5 Rc7 26. Nxe6 Rxc1+ 27.
Bxc1 fxe6 28. Kf1 Bf6 29. Ke2 Kf7 30. Kd3 Ke7 31. b3 Kd6 32. Bd2 Be5 33. g3 Bb2
34. a4 Ba3 35. h4 Bc5 36. Be1 Bb4 37. Bxb4+ Nxb4+ 38. Kc4 Nc6 39. Bxc6 Kxc6 40.
Kd4 Kd6 41. a5 e5+ 42. Ke4 Ke6 43. h5 Kf6 44. g4 Ke6 45. f3 Kf6 46. Kd5 Kg5 47.
Kxe5 Kh4 48. Kf5 Kg3 49. f4 Kh4 50. b4 Kh3 51. g5 Kh4 52. Kg6 1-0

[Event "Titled Tue 20th May Early"]
[Site "chess.com INT"]
[Date "2025.05.20"]
[Round "7"]
[White "Brancaleoni, Maurizio"]
[Black "Roberson, Peter T"]
[Result "0-1"]
[WhiteTitle "FM"]
[BlackTitle "IM"]
[WhiteElo "2185"]
[BlackElo "2440"]
[WhiteFideId "803022"]
[BlackFideId "412384"]
[EventDate "2025.05.20"]

1. Nf3 d5 2. d4 Nf6 3. c4 e6 4. g3 Bb4+ 5. Bd2 Bd6 6. Bg2 O-O 7. O-O c6 8. Qb3
a5 9. Qc2 Ne4 10. Bf4 Bxf4 11. gxf4 Nd7 12. e3 Ndf6 13. Nbd2 Nxd2 14. Qxd2 dxc4
15. Ne5 Nd5 16. Rfd1 b5 17. Nxc6 Qd6 18. Ne5 Qb6 19. a4 f6 20. Nf3 b4 21. Qc2
Ba6 22. Nd2 Rac8 23. Ne4 c3 24. Nc5 b3 25. Qc1 c2 26. Re1 Nb4 27. Ra3 Nd3 28.
Nxd3 Bxd3 29. Qd2 Bc4 30. Raa1 Qb4 31. Qxb4 axb4 32. a5 Rc7 33. Bf1 Ra8 34. Bxc4
Rxc4 35. Kf1 Rc7 36. Ke2 Rca7 37. Kd3 Rxa5 38. Rxa5 Rxa5 39. Kc4 Rh5 40. Kxb4
Rxh2 41. Kxb3 Rxf2 42. Kc3 Kf7 43. b4 Ke7 44. Rc1 h5 45. e4 Kd6 46. Rg1 h4 47.
Kb2 h3 48. Rxg7 h2 49. Rh7 Kc6 50. Kc1 Kb5 51. Kb2 Kxb4 52. Kc1 Kc4 53. Rh3 Kxd4
54. f5 exf5 55. exf5 Ke5 56. Rh5 Rf1+ 57. Kxc2 h1=Q 58. Rxh1 Rxh1 0-1

[Event "Titled Tue 20th May Early"]
[Site "chess.com INT"]
[Date "2025.05.20"]
[Round "7"]
[White "Galchenko, Matvey"]
[Black "Cernov, Henrik"]
[Result "1-0"]
[WhiteTitle "IM"]
[BlackTitle "FM"]
[WhiteElo "2442"]
[BlackElo "2325"]
[WhiteFideId "24175480"]
[BlackFideId "16258312"]
[EventDate "2025.05.20"]

1. f4 Nh6 2. e4 d5 3. exd5 Qxd5 4. Nc3 Qd6 5. d4 Nf5 6. Nf3 g6 7. g4 Nh6 8. h3
Bg7 9. Be3 O-O 10. Qd2 f6 11. f5 g5 12. O-O-O a6 13. Bc4+ Kh8 14. h4 Nxg4 15.
hxg5 Bxf5 16. Bf4 Qd7 17. Nh4 fxg5 18. Bxg5 e6 19. Rdf1 Nc6 20. d5 Nce5 21. Bb3
exd5 22. Bxd5 c6 23. Nxf5 Rxf5 24. Rxf5 Qxf5 25. Be4 Qe6 26. Bxh7 Nh6 27. Be4
Ng4 28. Bf3 Kg8 29. Nd5 Re8 30. Nc7 Qf7 31. Nxe8 Qxe8 32. Bxg4 Nxg4 33. Qd3 Qe5
34. Qc4+ Kf8 35. Qxg4 Qxb2+ 36. Kd2 Qc3+ 37. Kd1 Qa1+ 38. Bc1 Qxa2 39. Rf1+ Kg8
40. Qc8+ Kh7 41. Qf5+ Kg8 42. Qc8+ Kh7 43. Rh1+ Kg6 44. Qe8+ 1-0

[Event "Titled Tue 20th May Early"]
[Site "chess.com INT"]
[Date "2025.05.20"]
[Round "7"]
[White "Kjaergaard-Jensen, Jesper"]
[Black "Ezat, Mohamed"]
[Result "0-1"]
[WhiteTitle "CM"]
[BlackTitle "IM"]
[WhiteElo "2081"]
[BlackElo "2296"]
[WhiteFideId "1406990"]
[BlackFideId "10600906"]
[EventDate "2025.05.20"]

1. d4 Nf6 2. Nf3 g6 3. c3 Bg7 4. Bg5 Ne4 5. h4 O-O 6. Nbd2 d5 7. Nxe4 dxe4 8.
Nd2 h6 9. Bf4 Bf5 10. Qb3 Nd7 11. f3 e5 12. dxe5 Nxe5 13. g4 Be6 14. Qc2 exf3
15. exf3 Bd5 16. Bxe5 Bxe5 17. O-O-O Bxa2 18. b3 a5 19. Qxa2 a4 20. b4 Qf6 21.
g5 hxg5 22. hxg5 Qxg5 23. Qc2 a3 24. Bc4 Kg7 25. Rdg1 Qf6 26. Ne4 Qxf3 27. Rf1
Qe3+ 28. Kb1 f5 29. Re1 Qf4 30. Nd2 Rfd8 31. Rxe5 Qxe5 32. Nf3 Qe3 33. Nd4 Rxd4
34. cxd4 Qxd4 35. Ka2 Re8 36. Rh2 Re1 37. Kxa3 Qa1+ 38. Ba2 Re3+ 39. Ka4 Qe5 40.
Qb2 Rc3 0-1

[Event "Titled Tue 20th May Early"]
[Site "chess.com INT"]
[Date "2025.05.20"]
[Round "7"]
[White "Manukian, Artak"]
[Black "Fernandes, Rogerio Paulo Muller"]
[Result "1-0"]
[WhiteElo "2104"]
[BlackElo "2241"]
[WhiteFideId "13301373"]
[BlackFideId "2101599"]
[EventDate "2025.05.20"]

1. e4 e6 2. d4 d5 3. e5 c5 4. c3 Nc6 5. Nf3 Qb6 6. a3 cxd4 7. cxd4 Nh6 8. b4 Nf5
9. Bb2 Be7 10. Bd3 Bd7 11. Bxf5 exf5 12. Nc3 Be6 13. Na4 Qd8 14. Nc5 b6 15. Nd3
O-O 16. O-O Rc8 17. Qa4 Qd7 18. Qb3 Rc7 19. g3 Rfc8 20. Rac1 Nb8 21. h4 h6 22.
Nf4 Rc4 23. Nd2 Rxc1 24. Rxc1 Rxc1+ 25. Bxc1 Qc6 26. Bb2 b5 27. Qc3 Qxc3 28.
Bxc3 Nd7 29. Nb3 Nb6 30. Bb2 Nc4 31. Bc1 g5 32. hxg5 hxg5 33. Nd3 Kg7 34. f4 Kg6
35. Kf2 Kh5 36. Nbc5 Kg4 37. Nxe6 fxe6 38. Nc5 Bxc5 39. dxc5 gxf4 40. gxf4 a6
41. Ke2 Kg3 42. c6 Nb6 43. Be3 Nc8 44. Kd3 Kf3 45. Bc1 Ne7 46. c7 1-0

[Event "Titled Tue 20th May Early"]
[Site "chess.com INT"]
[Date "2025.05.20"]
[Round "7"]
[White "Xue, Haowen"]
[Black "So, Wesley"]
[Result "1-0"]
[WhiteTitle "GM"]
[BlackTitle "GM"]
[WhiteElo "2518"]
[BlackElo "2751"]
[WhiteFideId "8625492"]
[BlackFideId "5202213"]
[EventDate "2025.05.20"]

1. c4 e5 2. Nc3 Bb4 3. Nd5 Be7 4. d4 d6 5. e4 Nf6 6. Nxe7 Qxe7 7. f3 exd4 8.
Qxd4 Nc6 9. Qc3 O-O 10. Ne2 Re8 11. Bd2 a5 12. Ng3 d5 13. cxd5 Nxd5 14. Qc1 Bd7
15. Bc4 Nb6 16. Be2 Nd4 17. O-O Nxe2+ 18. Nxe2 Bb5 19. Re1 Nc4 20. Bc3 Ne5 21.
Qe3 Bxe2 22. Rxe2 Red8 23. h3 h6 24. Rd2 Rxd2 25. Qxd2 Rd8 26. Qe2 Nd3 27. Rd1
Qd6 28. Qe3 a4 29. f4 c5 30. Qg3 g5 31. e5 Qg6 32. fxg5 c4 33. e6 Qxg5 34. exf7+
Kxf7 35. Qc7+ Kg6 36. Qxc4 Nf4 37. Qe4+ Kf7 38. Rxd8 Nxh3+ 39. Kh2 Qxd8 40. Qh7+
Ke6 41. Qxh6+ Kd5 42. Qxh3 Qd6+ 43. Qg3 Qh6+ 44. Kg1 Qc1+ 45. Qe1 Qc2 46. Qd2+ 1-0

[Event "Titled Tue 20th May Early"]
[Site "chess.com INT"]
[Date "2025.05.20"]
[Round "7"]
[White "Miszler, Levente"]
[Black "Gilfanov, Marat I"]
[Result "0-1"]
[WhiteTitle "FM"]
[BlackTitle "FM"]
[WhiteElo "2261"]
[BlackElo "2379"]
[WhiteFideId "763276"]
[BlackFideId "34372164"]
[EventDate "2025.05.20"]

1. Nf3 Nf6 2. e3 g6 3. c4 Bg7 4. Nc3 O-O 5. b3 d6 6. Bb2 e5 7. d3 Nc6 8. Be2 Nd7
9. O-O f5 10. a3 g5 11. Nd2 g4 12. Nd5 Nb6 13. Rc1 h5 14. b4 Be6 15. Qb3 Ne7 16.
Nxe7+ Qxe7 17. Qc2 Nd7 18. d4 f4 19. dxe5 Nxe5 20. exf4 Rxf4 21. c5 Raf8 22.
cxd6 cxd6 23. f3 Qd8 24. fxg4 Qb6+ 25. Kh1 Bxg4 26. Rxf4 Rxf4 27. Bxe5 dxe5 28.
Bxg4 hxg4 29. Ne4 Qg6 30. Qc8+ Rf8 31. Qc4+ Kh8 32. Ng3 Bh6 33. Re1 Bf4 34. Qe4
Qh6 35. Nf1 g3 36. h3 b6 37. Qd3 Rg8 38. Ne3 Qe6 39. Ng4 Rxg4 40. hxg4 Qh6+ 41.
Kg1 Qh2+ 42. Kf1 Qh1+ 43. Ke2 Qxg2+ 44. Kd1 Qc6 45. Ke2 Kg7 0-1

[Event "Titled Tue 20th May Early"]
[Site "chess.com INT"]
[Date "2025.05.20"]
[Round "7"]
[White "Khodabandeh, Milad"]
[Black "Boramanikar, Tanisha S"]
[Result "1-0"]
[WhiteTitle "CM"]
[BlackTitle "WCM"]
[WhiteElo "1957"]
[BlackElo "1743"]
[WhiteFideId "12538620"]
[BlackFideId "35023454"]
[EventDate "2025.05.20"]

1. e4 c5 2. Nf3 Nc6 3. d4 cxd4 4. Nxd4 Nf6 5. Nc3 e5 6. Ndb5 d6 7. Bg5 a6 8. Na3
b5 9. Nd5 Be7 10. Bxf6 Bxf6 11. c4 b4 12. Nc2 Rb8 13. b3 O-O 14. g3 Be6 15. Bg2
Bg5 16. O-O a5 17. Qd3 h5 18. f4 Bh6 19. f5 Bxd5 20. Qxd5 Ne7 21. Qd3 Kh8 22. f6
Ng6 23. Rad1 Qb6+ 24. Kh1 Rbd8 25. Qf3 h4 26. Qh5 a4 27. g4 Nf4 28. Rxf4 exf4
29. Nd4 Qc5 30. Nf5 Kg8 31. Nxh6+ gxh6 32. Rd5 Qf2 33. h3 Qe1+ 34. Kh2 Qg3+ 35.
Kg1 Qe1+ 36. Bf1 Qg3+ 37. Kh1 Qf3+ 38. Bg2 1-0

[Event "Titled Tue 20th May Early"]
[Site "chess.com INT"]
[Date "2025.05.20"]
[Round "7"]
[White "Sharankov, Grigory"]
[Black "Skliarov, Viktor"]
[Result "0-1"]
[WhiteTitle "CM"]
[BlackTitle "IM"]
[WhiteElo "2238"]
[BlackElo "2334"]
[WhiteFideId "4168356"]
[BlackFideId "14106736"]
[EventDate "2025.05.20"]

1. e4 c5 2. Nf3 Nc6 3. Bb5 e6 4. O-O Nge7 5. Re1 Nd4 6. Bf1 Nec6 7. c3 Nxf3+ 8.
Qxf3 Be7 9. a3 O-O 10. b4 b6 11. Bb2 Bb7 12. d4 Bf6 13. e5 Bg5 14. Qh3 f6 15.
Bd3 g6 16. exf6 Qxf6 17. Rf1 cxd4 18. cxd4 Nxd4 19. Qg4 Nf3+ 20. Qxf3 Bxf3 21.
Bxf6 Bxf6 22. Ra2 Bd5 23. Rd2 a5 24. Bb5 axb4 25. axb4 Rf7 26. Rc2 Ra1 27. Rc7
d6 28. Rc8+ Kg7 29. Nd2 Rxf1+ 30. Nxf1 Bd4 31. Ne3 Bxe3 32. fxe3 Ra7 33. h4 Ra2
34. Bf1 Rb2 35. b5 Kf6 36. Rb8 Ke5 37. Rxb6 Rb1 38. Kf2 Rb2+ 39. Kg3 Rb1 40. Kf2
Rb4 41. Rb8 h5 42. b6 Rxh4 43. Ba6 Ra4 44. Bc8 Ra2+ 0-1

[Event "Titled Tue 20th May Early"]
[Site "chess.com INT"]
[Date "2025.05.20"]
[Round "7"]
[White "Hungaski, Robert"]
[Black "Ristic, Nebojsa M"]
[Result "1-0"]
[WhiteTitle "GM"]
[BlackTitle "IM"]
[WhiteElo "2477"]
[BlackElo "2248"]
[WhiteFideId "2021030"]
[BlackFideId "900850"]
[EventDate "2025.05.20"]

1. h3 d5 2. e3 e5 3. d4 Nc6 4. Nf3 Bd6 5. c4 dxc4 6. Bxc4 exd4 7. exd4 Qe7+ 8.
Be3 Nf6 9. O-O O-O 10. Re1 Qd7 11. Bg5 Qf5 12. Bd3 Qa5 13. Bxf6 gxf6 14. Nc3 Bf5
15. d5 Bxd3 16. Qxd3 Ne5 17. Nxe5 Bxe5 18. Re4 h5 19. Rh4 Kg7 20. Rxh5 Rh8 21.
Rxe5 fxe5 22. Qg3+ Kf8 23. Qxe5 Rh6 24. Re1 Qb6 25. Re2 Qd6 26. Qe3 Rg6 27. a3
a6 28. g3 Rd8 29. h4 Kg7 30. h5 Rh6 31. Qg5+ Kh7 32. Ne4 Qf8 33. Nf6+ Kh8 34.
Ng4 Rh7 35. h6 Rd6 36. Qe5+ Kg8 37. Qg5+ Kh8 38. Re4 f6 39. Qf5 Rxh6 40. Nxh6
Qxh6 41. Qc8+ Kg7 42. Re7+ Kg6 43. Qg8+ Kf5 44. g4+ Kf4 45. Qe8 1-0

[Event "Titled Tue 20th May Early"]
[Site "chess.com INT"]
[Date "2025.05.20"]
[Round "7"]
[White "Srihari, L R"]
[Black "Kozlov, Oleg"]
[Result "1-0"]
[WhiteTitle "IM"]
[BlackTitle "IM"]
[WhiteElo "2468"]
[BlackElo "2253"]
[WhiteFideId "46617116"]
[BlackFideId "4104544"]
[EventDate "2025.05.20"]

1. c4 e6 2. Nc3 Nf6 3. e4 d5 4. cxd5 exd5 5. e5 d4 6. exf6 dxc3 7. Bb5+ c6 8.
Qe2+ Be6 9. Bc4 Qxf6 10. dxc3 Nd7 11. Nf3 O-O-O 12. Bxe6 Qxe6 13. Qxe6 fxe6 14.
Bg5 Re8 15. O-O-O Bc5 16. Bh4 Nf6 17. Rhe1 Rhf8 18. Ne5 Nd5 19. Rd2 Rf5 20. Bg3
h5 21. h4 g5 22. hxg5 Rxg5 23. Nf3 Rg6 24. Rde2 Bf8 25. Kc2 a6 26. Ne5 Rg7 27.
Nf3 Rg6 28. Nh4 Rf6 29. Be5 Rf7 30. g3 Be7 31. Ng2 Bg5 32. Bd4 Kd7 33. Rh1 Rh7
34. Re5 Rg8 35. c4 Nb4+ 36. Kc3 a5 37. Rxa5 Na6 38. Be3 Bf6+ 39. Kc2 Nb4+ 40.
Kb3 Nd3 41. Rd1 h4 42. Rxd3+ Kc7 43. Nxh4 Bxh4 44. gxh4 Rxh4 45. Re5 1-0

[Event "Titled Tue 20th May Early"]
[Site "chess.com INT"]
[Date "2025.05.20"]
[Round "7"]
[White "Sarana, Alexey"]
[Black "Gadzhiev, Ruslan"]
[Result "1-0"]
[WhiteTitle "GM"]
[BlackTitle "CM"]
[WhiteElo "2686"]
[BlackElo "2169"]
[WhiteFideId "24133795"]
[BlackFideId "55671926"]
[EventDate "2025.05.20"]

1. d4 d5 2. c4 e6 3. Nc3 Nf6 4. cxd5 exd5 5. Bf4 Be7 6. e3 c6 7. Bd3 O-O 8. h3
Re8 9. Nf3 Nbd7 10. Qc2 Nf8 11. Ne5 Bd6 12. Bh2 Qe7 13. O-O c5 14. Nb5 Bb8 15.
b3 Ne6 16. Nf3 Bxh2+ 17. Kxh2 Bd7 18. dxc5 Nxc5 19. Nbd4 Rac8 20. Qe2 h6 21. Kg1
Nce4 22. Qb2 a6 23. Rac1 Qb4 24. a3 Qd6 25. b4 Qb6 26. Nb3 Bb5 27. Bxb5 Qxb5 28.
Nfd4 Qb6 29. Rxc8 Rxc8 30. Rc1 Qd8 31. Nc5 Nxc5 32. bxc5 Qd7 33. Qb6 Ne4 34. c6
bxc6 35. Rxc6 Rxc6 36. Nxc6 Qd6 37. Qxa6 Qf6 38. f3 Qa1+ 39. Kh2 Nd2 40. Qc8+
Kh7 41. Qf5+ Kg8 42. Ne7+ Kf8 43. Ng6+ Kg8 44. Qc8+ Kh7 45. Nf8+ Kg8 46. Nd7+
Kh7 47. Qc2+ 1-0

[Event "Titled Tue 20th May Early"]
[Site "chess.com INT"]
[Date "2025.05.20"]
[Round "7"]
[White "Piddubna, Bozhena"]
[Black "Potawad, Anirudhha"]
[Result "1-0"]
[WhiteTitle "WFM"]
[BlackTitle "FM"]
[WhiteElo "2174"]
[BlackElo "2288"]
[WhiteFideId "34109293"]
[BlackFideId "45081506"]
[EventDate "2025.05.20"]

1. d4 d6 2. c4 g6 3. Nf3 Bg7 4. g3 Nf6 5. Bg2 O-O 6. Nc3 Nbd7 7. O-O e5 8. e3
Qe7 9. a4 c6 10. a5 e4 11. Ng5 d5 12. cxd5 cxd5 13. f3 h6 14. Nh3 exf3 15. Qxf3
Nb8 16. Nxd5 Nxd5 17. Qxd5 Nc6 18. Bd2 Be6 19. Qf3 Rad8 20. Nf4 Bc4 21. Rfe1 a6
22. Bc3 Rd7 23. Bh3 Rd6 24. Bf1 Bxf1 25. Rxf1 Re8 26. Rae1 Rd7 27. Nd5 Qd6 28.
Nf6+ Bxf6 29. Qxf6 Qxf6 30. Rxf6 Re4 31. Rf4 f5 32. Rxe4 fxe4 33. Rf1 Ne7 34.
Rf4 Nd5 35. Rxe4 Kf7 36. Re5 Ne7 37. Rc5 Nc6 38. d5 Ne7 39. e4 g5 40. Kf2 Ke8
41. Ke3 Kf7 42. Be5 Ng6 43. Bb8 Ne7 44. Rc7 Rxc7 45. Bxc7 Ke8 46. Kd4 Kd7 47.
Be5 g4 48. Bf4 h5 49. e5 h4 50. gxh4 Nf5+ 51. Ke4 Nxh4 52. e6+ Ke8 53. d6 1-0

[Event "Titled Tue 20th May Early"]
[Site "chess.com INT"]
[Date "2025.05.20"]
[Round "7"]
[White "Khachatryan, Anna"]
[Black "Cattaneo, Marco"]
[Result "1/2-1/2"]
[WhiteTitle "WFM"]
[BlackTitle "FM"]
[WhiteElo "2169"]
[BlackElo "2291"]
[WhiteFideId "13310780"]
[BlackFideId "878332"]
[EventDate "2025.05.20"]

1. Nf3 g6 2. g3 b6 3. Bg2 Bb7 4. O-O Bg7 5. c4 Nf6 6. Nc3 O-O 7. d4 Ne4 8. Bd2
Nxd2 9. Qxd2 c5 10. d5 d6 11. e4 Bc8 12. Rfe1 Bg4 13. h3 Bxf3 14. Bxf3 a6 15. a4
Nd7 16. Bg2 Qc7 17. f4 Rae8 18. Kh2 Rb8 19. Rad1 Bxc3 20. Qxc3 f6 21. h4 b5 22.
axb5 axb5 23. b3 bxc4 24. bxc4 Rb4 25. Bh3 Rfb8 26. Be6+ Kg7 27. Bxd7 Qxd7 28.
e5 Qg4 29. exf6+ exf6 30. Re7+ Kh6 31. Rg1 Rb2+ 32. Rg2 Rxg2+ 33. Kxg2 Qf5 34.
Re6 Qb1 35. Re2 Kg7 36. f5 gxf5 37. Re7+ Kg6 38. Re2 h5 39. Rf2 Rb3 40. Qa5 Qe4+
41. Kh3 Qe3 42. Rg2 Qf3 43. Qd8 Qg4+ 44. Kh2 Rc3 45. Qg8+ Kh6 46. Qh8+ Kg6 47.
Qe8+ Kh6 48. Qf8+ Kg6 49. Qg8+ Kh6 50. Qh8+ Kg6 51. Qg8+ 1/2-1/2

[Event "Titled Tue 20th May Early"]
[Site "chess.com INT"]
[Date "2025.05.20"]
[Round "7"]
[White "Porozhnyak, Maya"]
[Black "Reefat, Bin-Sattar"]
[Result "1-0"]
[WhiteTitle "WCM"]
[BlackTitle "GM"]
[WhiteElo "1974"]
[BlackElo "2331"]
[WhiteFideId "34115843"]
[BlackFideId "10200207"]
[EventDate "2025.05.20"]

1. e4 e6 2. d4 d5 3. exd5 exd5 4. Bd3 Nc6 5. c3 Bd6 6. Qf3 Nce7 7. Ne2 h6 8. h3
Nf6 9. Bf4 Be6 10. Nd2 Qd7 11. Bxd6 Qxd6 12. O-O-O O-O-O 13. g4 Kb8 14. Rde1
Rhe8 15. Bb5 c6 16. Bd3 Bc8 17. Nb3 b6 18. Qg3 a5 19. Qxd6+ Rxd6 20. Ng3 g6 21.
f4 Kc7 22. Re2 Re6 23. Rhe1 Neg8 24. Kd2 Rxe2+ 25. Rxe2 Rxe2+ 26. Kxe2 Ne7 27.
Kf3 Bd7 28. Nd2 Nc8 29. b3 Nd6 30. c4 dxc4 31. bxc4 c5 32. dxc5 bxc5 33. g5 Bc6+
34. Ke3 hxg5 35. fxg5 Nd7 36. Kf4 Nf8 37. Ke5 Nd7+ 38. Kf4 Nf8 39. h4 Kd7 40.
Ke5 Ke7 41. Nb3 Nd7+ 42. Kf4 a4 43. Na5 Ba8 44. Ne4 Nxe4 45. Bxe4 1-0

[Event "Titled Tue 20th May Early"]
[Site "chess.com INT"]
[Date "2025.05.20"]
[Round "7"]
[White "Drygalov, Sergey"]
[Black "Zou, Chen"]
[Result "0-1"]
[WhiteTitle "GM"]
[BlackTitle "IM"]
[WhiteElo "2560"]
[BlackElo "2443"]
[WhiteFideId "24171743"]
[BlackFideId "8610959"]
[EventDate "2025.05.20"]

1. d4 Nf6 2. c4 e6 3. Nf3 d5 4. Nc3 Bb4 5. Qa4+ Nc6 6. e3 O-O 7. Qc2 Re8 8. Bd2
a6 9. h3 dxc4 10. Bxc4 Bd6 11. O-O b5 12. Bb3 Bb7 13. e4 e5 14. dxe5 Nxe5 15.
Nxe5 Bxe5 16. Rad1 Qe7 17. Nd5 Nxd5 18. exd5 Qf6 19. Be3 Rad8 20. Rfe1 h6 21.
Rd2 Bd6 22. Rde2 Re7 23. Qd3 Rde8 24. Bc2 g6 25. Bb3 Qe5 26. g3 Qh5 27. Kh2 Bc8
28. Kg1 Bxh3 29. Bd1 Bg4 30. Rd2 Bxd1 31. Rdxd1 Bxg3 32. fxg3 Rxe3 33. Rxe3 Rxe3
34. Qxe3 Qxd1+ 35. Kf2 Qxd5 36. Qxh6 Qxa2 37. Qd2 Qc4 38. Qd8+ Kg7 39. Kf3 c5
40. g4 Qd4 41. Qb6 Qxb2 42. Qxc5 a5 43. g5 a4 44. Ke4 a3 45. Kd5 a2 0-1

[Event "Titled Tue 20th May Early"]
[Site "chess.com INT"]
[Date "2025.05.20"]
[Round "7"]
[White "Can, Melih Kaan"]
[Black "Nielsen-Refs, Karl-Emil Elmer"]
[Result "1-0"]
[WhiteTitle "CM"]
[BlackTitle "CM"]
[WhiteElo "2171"]
[BlackElo "2095"]
[WhiteFideId "6317383"]
[BlackFideId "1452797"]
[EventDate "2025.05.20"]

1. e4 c5 2. Nc3 Nc6 3. Bb5 Nd4 4. Nf3 a6 5. Bd3 e6 6. O-O b5 7. Nxd4 cxd4 8. Ne2
Qb6 9. c3 dxc3 10. dxc3 Bb7 11. Be3 Bc5 12. Nd4 Nf6 13. e5 Nd5 14. Qg4 O-O-O 15.
b4 Nxe3 16. fxe3 Be7 17. Rxf7 h5 18. Qe2 Bg5 19. a4 Rdf8 20. a5 Qa7 21. Raf1
Rxf7 22. Rxf7 Qb8 23. Nf3 Bh6 24. Qd2 Qc7 25. Qe2 Rd8 26. Nd2 Qxc3 27. Ne4 Qc1+
28. Rf1 Qxe3+ 29. Qxe3 Bxe3+ 30. Kh1 Bxe4 31. Bxe4 Kb8 32. Rf7 Bh6 33. Bf3 Bf4
34. Rxf4 d5 35. exd6 Rxd6 36. h3 h4 37. Rxh4 e5 38. Re4 Rd4 39. Rxd4 exd4 40.
Kg1 Kc7 41. Kf2 Kd6 42. Ke2 Ke5 43. Kd3 g5 44. Bb7 Kf4 45. Bxa6 Kg3 46. Bxb5
Kxg2 47. a6 Kxh3 48. a7 Kg3 49. a8=Q g4 50. Bd7 Kh2 51. Bxg4 Kg1 52. Qa1+ Kh2
53. Qxd4 Kg3 54. Qe3+ Kh4 55. Bf3 Kg3 56. Qg5+ Kf2 57. b5 Ke1 58. b6 Kf1 59.
Qg2+ Ke1 60. Qe2# 1-0

[Event "Titled Tue 20th May Early"]
[Site "chess.com INT"]
[Date "2025.05.20"]
[Round "7"]
[White "Javakhadze, Zurab"]
[Black "Mattenberger, Matthias"]
[Result "0-1"]
[WhiteTitle "IM"]
[BlackTitle "FM"]
[WhiteElo "2412"]
[BlackElo "2286"]
[WhiteFideId "13603647"]
[BlackFideId "1339958"]
[EventDate "2025.05.20"]

1. e4 c5 2. Nf3 d6 3. c3 Nf6 4. h3 Bd7 5. Bd3 Nc6 6. Bc2 e5 7. O-O g5 8. d3 g4
9. hxg4 Bxg4 10. Bg5 Be7 11. Nbd2 Rg8 12. Qe1 Nh5 13. Bxe7 Nxe7 14. Qe3 Nf4 15.
g3 Neg6 16. Nh2 Qd7 17. Ba4 Qxa4 18. Nxg4 O-O-O 19. Nh6 Rg7 20. Nf5 Rgg8 21. Nc4
Kc7 22. Rfd1 Ne6 23. b4 h5 24. Rab1 h4 25. bxc5 dxc5 26. Rd2 hxg3 27. fxg3 Rh8
28. Rdb2 b6 29. Qf3 Rh7 30. Nfe3 Rdh8 31. Nd5+ Kd8 32. Nce3 Rh3 33. Ng2 Rh1+ 34.
Kf2 Rxb1 35. Qf6+ Kc8 36. Rxb1 Qc2+ 37. Ke3 Qxb1 38. Qxf7 Qc1+ 39. Ke2 Qc2+ 40.
Ke3 Qc1+ 41. Ke2 Ngf8 42. Qe8+ Kb7 43. Qe7+ Ka6 44. Qe8 Qc2+ 45. Ke3 Qc1+ 46.
Ke2 Qc2+ 47. Ke3 Qxg2 48. Qa4+ Kb7 49. Qe8 Qxg3+ 0-1

[Event "Titled Tue 20th May Early"]
[Site "chess.com INT"]
[Date "2025.05.20"]
[Round "7"]
[White "Le, Quang Liem"]
[Black "Odegov, Artem"]
[Result "1-0"]
[WhiteTitle "GM"]
[BlackTitle "FM"]
[WhiteElo "2729"]
[BlackElo "2244"]
[WhiteFideId "12401137"]
[BlackFideId "34183644"]
[EventDate "2025.05.20"]

1. Nf3 d5 2. c4 e6 3. e3 Nf6 4. Nc3 dxc4 5. Bxc4 a6 6. d4 b5 7. Bd3 Bb7 8. Qe2
c5 9. dxc5 Bxc5 10. Bxb5+ axb5 11. Qxb5+ Qd7 12. Qxc5 Bxf3 13. gxf3 Na6 14. Qb5
O-O 15. Qxd7 Nxd7 16. Ke2 Rfb8 17. b3 Nb4 18. Bd2 Nc5 19. Rhc1 Ncd3 20. Rd1 Nb2
21. Rdb1 Nc2 22. Bc1 Nxa1 23. Rxa1 Rxb3 24. axb3 Rxa1 25. Bxb2 Rh1 26. b4 Kf8
27. b5 Ke7 28. b6 Kd7 29. Ne4 Kc6 30. Bxg7 Rxh2 31. Nd6 Kxb6 32. Nxf7 Kc6 33. f4
h5 34. Kf3 Rh1 35. Ng5 Kd7 36. Be5 Rg1 37. Nh3 Rg8 38. Bf6 Ke8 39. Bg5 Kf7 40.
Kg3 Ra8 41. Ng1 Kg6 42. Nf3 Ra6 43. Ne5+ Kg7 44. e4 Ra4 45. f3 Ra1 46. Be7 Rg1+
47. Kh4 Kh6 48. Bg5+ Kh7 49. Kxh5 Kg7 50. Be7 Kh7 51. f5 exf5 52. exf5 Kg7 53.
f6+ Kh7 54. f7 Rh1+ 55. Kg4 Rg1+ 56. Kf4 Re1 57. Ng4 Kg6 58. f8=Q Re4+ 59. fxe4
Kh5 60. Qh6# 1-0

[Event "Titled Tue 20th May Early"]
[Site "chess.com INT"]
[Date "2025.05.20"]
[Round "7"]
[White "Bayaca, Sterling"]
[Black "Gelman, Alexander"]
[Result "0-1"]
[WhiteTitle "FM"]
[BlackTitle "IM"]
[WhiteElo "2231"]
[BlackElo "2403"]
[WhiteFideId "3227790"]
[BlackFideId "4118316"]
[EventDate "2025.05.20"]

1. e4 c5 2. Nf3 e6 3. Nc3 a6 4. a4 d6 5. Be2 Nf6 6. O-O Qc7 7. d4 cxd4 8. Nxd4
Be7 9. Nb3 b6 10. Bf4 Bb7 11. Qd3 Nbd7 12. Rfd1 Ne5 13. Qe3 O-O 14. h3 Rac8 15.
Rd2 Rfd8 16. Rad1 h6 17. Bg3 Nfd7 18. Rd4 Qb8 19. Kh2 Bf8 20. f4 Nc6 21. R4d2
Na5 22. Nxa5 bxa5 23. f5 Ne5 24. fxe6 fxe6 25. Bxe5 dxe5 26. Qb6 Re8 27. Qxa5
Bc5 28. Rd7 Bc6 29. Bxa6 Bxd7 30. Bxc8 Qxc8 31. Rxd7 Qxd7 32. Qxc5 Qd2 33. Qxe5
Qxc2 34. Qb5 Rd8 35. Qc4 Re8 36. Qc6 Re7 37. Qd6 Kf7 38. Qf4+ Kg8 39. Qd6 Kf7
40. Qf4+ Kg6 41. Qg4+ Kh7 42. Qh4 Rf7 43. Qg4 Qxb2 44. Nb5 Qe5+ 45. Qg3 Qc5 46.
Nd6 Rf1 47. e5 Qg1# 0-1

[Event "Titled Tue 20th May Early"]
[Site "chess.com INT"]
[Date "2025.05.20"]
[Round "7"]
[White "Gunawardhana, Devindya Oshini"]
[Black "Tekeyev, Zaur"]
[Result "0-1"]
[WhiteTitle "WIM"]
[BlackTitle "IM"]
[WhiteElo "2068"]
[BlackElo "2417"]
[WhiteFideId "29941482"]
[BlackFideId "4199731"]
[EventDate "2025.05.20"]

1. Nf3 Nf6 2. g3 g6 3. Bg2 Bg7 4. O-O O-O 5. d4 d6 6. c4 c6 7. Nc3 Bf5 8. Nh4
Be6 9. b3 d5 10. Qd3 Na6 11. a3 c5 12. e3 cxd4 13. exd4 dxc4 14. bxc4 Rc8 15. d5
Nxd5 16. Bxd5 Bxd5 17. Nxd5 Bxa1 18. Bg5 Bf6 19. Bxf6 exf6 20. Qd4 Rc6 21. Re1
Kg7 22. Qg4 Qc8 23. Qf4 Re8 24. Ne7 Qd7 25. Nef5+ gxf5 26. Nxf5+ Kh8 27. Rxe8+
Qxe8 28. Qh6 Qg8 29. Ne7 Qg7 30. Qd2 Qf8 31. Nxc6 bxc6 32. Qa5 Nc5 33. Qxa7 Ne6
34. Qb6 Qd6 35. a4 Qd1+ 36. Kg2 Nd4 37. Qd8+ Kg7 38. Qd6 Qf3+ 39. Kf1 Qd1+ 40.
Kg2 Qf3+ 41. Kg1 Ne2+ 42. Kf1 Nc3 43. Qf4 Qh1# 0-1